|
|
|
|
| LEADER |
00840nab a2200229 i 4500 |
| 001 |
misc62310 |
| 005 |
20221103111241.0 |
| 008 |
220131s1958 hu o 0|| tur d |
| 040 |
|
|
|a SZTE Miscellanea Repozitórium
|b hun
|
| 041 |
|
|
|a tur
|
| 100 |
1 |
|
|a Eren Hasan
|
| 245 |
1 |
0 |
|a Türkçe gök kelimesinin türevleri
|h [elektronikus dokumentum] /
|c Eren Hasan
|
| 260 |
|
|
|a Türk Tarih Kurumu Basımevi
|b Ankara
|c 1958
|
| 300 |
|
|
|a 85-89
|c 24 cm
|
| 300 |
|
|
|a [5] p.
|c 24 cm
|
| 490 |
0 |
|
|a Jean Deny armaganı = Mélanges Jean Deny / hazırlayanlar: János Eckmann, et al.
|
| 561 |
|
|
|a Németh Gyula hagyaték
|
| 591 |
|
|
|a LOA 994; XKEK 2869
|
| 650 |
|
4 |
|a Bölcsészettudományok
|
| 650 |
|
4 |
|a Nyelvek és irodalom
|
| 695 |
|
|
|a Török nyelv - szókészlettan
|
| 856 |
4 |
0 |
|u http://misc.bibl.u-szeged.hu/62310/1/1523_noa_e86.pdf
|z Dokumentum-elérés
|